[Event "Imola op2nd"]
[Site "Imola"]
[Date "2019.12.08"]
[Round "5"]
[White "Brancaleoni, Maurizio"]
[Black "Tomba, Ivan"]
[Result "1-0"]
[WhiteElo "2177"]
[BlackElo "2339"]
[PlyCount "113"]
[EventDate "2019.12.06"]
[EventType "swiss"]
[EventRounds "5"]
[EventCountry "ITA"]
[SourceTitle "CBM 193 Extra"]
[Source "ChessBase"]
[SourceDate "2020.01.31"]
[SourceVersion "1"]
[SourceVersionDate "2020.01.31"]
[SourceQuality "1"]

1. Nf3 d5 2. d4 Nf6 3. c4 c6 4. cxd5 cxd5 5. Nc3 Nc6 6. Bf4 a6 7. e3 Bg4 8. h3 Bxf3 9. Qxf3 e6 10. Bd3 Qb6 11. Qe2 Be7 12. 0-0 0-0 13. Rfc1 Rfc8 14. Bg5 Qd8 15. Qd1 Nd7 16. Bxe7 Qxe7 17. Na4 Na5 18. Rxc8+ Rxc8 19. Rc1 Qf8 20. b3 g6 21. Rxc8 Qxc8 22. Qc2 Nc6 23. a3 Qc7 24. f4 Nf6 25. b4 Ne8 26. Qc5 Nd6 27. Nb6 Qd8 28. g3 Ne7 29. g4 Nc6 30. Kg2 Kg7 31. Na4 Ne7 32. Qb6 Qb8 33. Nc5 Nc4 34. Qxb7 Nxe3+ 35. Kf3 Qxb7 36. Nxb7 Nc4 37. Bxc4 dxc4 38. Nc5 Nd5 39. Nxa6 c3 40. Nc5 c2 41. Nd3 Nc3 42. Ke3 Kf6 43. Kd2 Nb1+ 44. Kxc2 Nxa3+ 45. Kb3 Nb5 46. Kc4 Nd6+ 47. Kc5 Ke7 48. Kc6 h5 49. g5 Nf5 50. Kc5 h4 51. b5 Kd7 52. Ne5+ Kc7 53. Nxf7 Ng3 54. b6+ Kb7 55. Nd8+ Kb8 56. Nxe6 Ne4+ 57. Kc6 1-0

[Event "Cesenatico op 23rd"]
[Site "Cesenatico"]
[Date "2019.09.06"]
[Round "7"]
[White "Brancaleoni, Maurizio"]
[Black "Paleologu, Vladimir"]
[Result "1/2-1/2"]
[WhiteElo "2202"]
[BlackElo "2105"]
[PlyCount "43"]
[EventDate "2019.09.01"]
[EventType "swiss"]
[EventRounds "9"]
[EventCountry "ITA"]
[SourceTitle "EXT 2020"]
[Source "ChessBase"]
[SourceDate "2019.10.17"]
[SourceVersion "1"]
[SourceVersionDate "2019.10.17"]
[SourceQuality "1"]

1. Nf3 d6 2. d4 g6 3. c4 Bg7 4. Nc3 c6 5. e4 e5 6. Be2 Nd7 7. 0-0 Nh6 8. dxe5 dxe5 9. b4 0-0 10. b5 Re8 11. Rb1 Qc7 12. Ba3 Bf8 13. Qc1 Kg7 14. Rd1 Nc5 15. h3 f6 16. Qe3 Ne6 17. Bxf8+ Rxf8 18. c5 Nf4 19. Bf1 Nf7 20. Nd2 Rd8 21. Bc4 Ng5 22. Bf1 1/2-1/2

[Event "Cesenatico op 22nd"]
[Site "Cesenatico"]
[Date "2018.09.06"]
[Round "6"]
[White "Corvi, Marco"]
[Black "Brancaleoni, Maurizio"]
[Result "1-0"]
[WhiteElo "2282"]
[BlackElo "2267"]
[PlyCount "91"]
[EventDate "2018.09.01"]
[EventType "swiss"]
[EventRounds "9"]
[EventCountry "ITA"]
[SourceTitle "CBM 186 Extra"]
[Source "ChessBase"]
[SourceDate "2018.08.24"]
[SourceVersion "1"]
[SourceVersionDate "2018.08.24"]
[SourceQuality "1"]

1. e4 e5 2. Nf3 Nc6 3. Bb5 a6 4. Bxc6 dxc6 5. 0-0 Bg4 6. h3 h5 7. d3 Qf6 8. Be3 Bxf3 9. Qxf3 Qxf3 10. gxf3 Bd6 11. Nd2 Ne7 12. Nc4 Ng6 13. Rfb1 f6 14. Kf1 Nf4 15. Bxf4 exf4 16. c3 c5 17. b4 cxb4 18. Nxd6+ cxd6 19. Rxb4 0-0-0 20. c4 g5 21. Ke2 Rd7 22. Rb6 Rhd8 23. d4 Rc7 24. Kd3 Rc6 25. Rxc6+ bxc6 26. d5 Re8 27. Rb1 Kc7 28. a4 c5 29. e5 Rxe5 30. a5 h4 31. Rb6 Re1 32. Rc6+ Kd7 33. Rxa6 f5 34. Ra7+ Kc8 35. Rf7 Rd1+ 36. Ke2 Ra1 37. Rxf5 Rxa5 38. Rxg5 Ra2+ 39. Kd3 Rxf2 40. Ke4 Rc2 41. Kf5 Kd7 42. Rg7+ Ke8 43. Ke6 Kf8 44. Rf7+ Ke8 45. Rxf4 Rh2 46. Rxh4 1-0

[Event "Cesenatico op 22nd"]
[Site "Cesenatico"]
[Date "2018.09.02"]
[Round "2"]
[White "Brancaleoni, Maurizio"]
[Black "Rago, Riccardo"]
[Result "1-0"]
[WhiteElo "2267"]
[BlackElo "2089"]
[PlyCount "81"]
[EventDate "2018.09.01"]
[EventType "swiss"]
[EventRounds "9"]
[EventCountry "ITA"]
[SourceTitle "CBM 186 Extra"]
[Source "ChessBase"]
[SourceDate "2018.08.24"]
[SourceVersion "1"]
[SourceVersionDate "2018.08.24"]
[SourceQuality "1"]

1. c4 e6 2. Nf3 Nf6 3. b3 d5 4. Bb2 Be7 5. g3 0-0 6. Bg2 b6 7. 0-0 Bb7 8. cxd5 exd5 9. e3 c5 10. Nc3 Nbd7 11. Re1 Ne4 12. d3 Nxc3 13. Bxc3 Bf6 14. Bxf6 Nxf6 15. Rc1 Rc8 16. d4 Qe7 17. dxc5 Rxc5 18. Re2 Rfc8 19. Rec2 Rxc2 20. Rxc2 Rxc2 21. Qxc2 g6 22. Nd4 a6 23. h3 Qd6 24. Kf1 h5 25. h4 Kf8 26. Bh3 Qc5 27. Qb2 Bc8 28. Bxc8 Qxc8 29. Qa3+ Kg7 30. Qd6 Qh3+ 31. Kg1 Qg4 32. Qxb6 Qd1+ 33. Kg2 Qd3 34. Nf3 Qe2 35. Qd4 Qxa2 36. Ne5 Ne4 37. Nd3+ Nf6 38. Nc5 Qb1 39. e4 dxe4 40. Nd7 Qxb3 41. Qxf6+ 1-0

[Event "ITA-ch sf 78th"]
[Site "Alessandria"]
[Date "2018.07.28"]
[Round "8"]
[White "Bentivegna, Francesco"]
[Black "Brancaleoni, Maurizio"]
[Result "0-1"]
[WhiteElo "2271"]
[BlackElo "2275"]
[PlyCount "80"]
[EventDate "2018.07.21"]
[EventType "swiss"]
[EventRounds "9"]
[EventCountry "ITA"]
[SourceTitle "CBM 186 Extra"]
[Source "ChessBase"]
[SourceDate "2018.08.24"]
[SourceVersion "1"]
[SourceVersionDate "2018.08.24"]
[SourceQuality "1"]

1. e4 e6 2. d4 d5 3. Bd3 dxe4 4. Bxe4 Nf6 5. Bf3 c5 6. Ne2 Be7 7. Nbc3 cxd4 8. Nxd4 0-0 9. Be3 a6 10. Qe2 Qc7 11. 0-0-0 Bb4 12. Nb3 Nbd7 13. g4 Nb6 14. Ne4 Nfd5 15. g5 Bd7 16. c3 Rfc8 17. Kb1 Bf8 18. Rhg1 Nc4 19. Bc1 Bb5 20. Qc2 f5 21. gxf6 Nb4 22. fxg7 Be7 23. Nf6+ Bxf6 24. Qe4 Ne5 25. Bg4 Nxg4 26. Qxb4 Ne5 27. Qf4 Qf7 28. Nd4 Bd3+ 29. Ka1 Bg6 30. Qe3 Re8 31. h4 Nc4 32. Qe2 e5 33. Nb3 Bh5 34. f3 e4 35. Nc5 Bxf3 36. Qf2 Bxd1 37. Rxd1 e3 38. Qe2 Rad8 39. Rf1 Nd2 40. Rf4 Qg6 0-1

[Event "ITA-ch sf 78th"]
[Site "Alessandria"]
[Date "2018.07.27"]
[Round "7"]
[White "Brancaleoni, Maurizio"]
[Black "Bin Suhayl, Ieysaa"]
[Result "1/2-1/2"]
[WhiteElo "2275"]
[BlackElo "2078"]
[PlyCount "86"]
[EventDate "2018.07.21"]
[EventType "swiss"]
[EventRounds "9"]
[EventCountry "ITA"]
[SourceTitle "CBM 186 Extra"]
[Source "ChessBase"]
[SourceDate "2018.08.24"]
[SourceVersion "1"]
[SourceVersionDate "2018.08.24"]
[SourceQuality "1"]

1. Nf3 Nf6 2. c4 c5 3. Nc3 Nc6 4. g3 d6 5. Bg2 g6 6. d4 cxd4 7. Nxd4 Bd7 8. b3 Bg7 9. Bb2 0-0 10. 0-0 Qa5 11. e3 Rfc8 12. h3 Rab8 13. Qe2 a6 14. Rfd1 b5 15. Nxc6 Bxc6 16. Bxc6 Rxc6 17. Nd5 Nxd5 18. cxd5 Bxb2 19. dxc6 Bxa1 20. Rxa1 Qb6 21. Qd1 Qxc6 22. Rc1 Qd7 23. Qg4 Qxg4 24. hxg4 f6 25. Rc6 Ra8 26. Rb6 Ra7 27. f4 f5 28. g5 Kf7 29. a4 bxa4 30. bxa4 Ke6 31. Kf2 Kd5 32. Ke2 a5 33. Kd3 Rc7 34. Ra6 Rc5 35. Ra7 e5 36. fxe5 dxe5 37. Rd7+ Kc6 38. Rxh7 e4+ 39. Kd2 Rc4 40. Rg7 Rxa4 41. Rxg6+ Kd7 42. Rf6 Ra2+ 43. Kc3 Ra3+ 1/2-1/2

[Event "ITA-ch sf 78th"]
[Site "Alessandria"]
[Date "2018.07.24"]
[Round "4"]
[White "Pasini, Nicolo"]
[Black "Brancaleoni, Maurizio"]
[Result "1/2-1/2"]
[WhiteElo "2187"]
[BlackElo "2275"]
[PlyCount "21"]
[EventDate "2018.07.21"]
[EventType "swiss"]
[EventRounds "9"]
[EventCountry "ITA"]
[SourceTitle "CBM 186 Extra"]
[Source "ChessBase"]
[SourceDate "2018.08.24"]
[SourceVersion "1"]
[SourceVersionDate "2018.08.24"]
[SourceQuality "1"]

1. c4 e6 2. Nc3 d5 3. d4 Be7 4. cxd5 exd5 5. Bf4 c6 6. Qc2 Bd6 7. Bxd6 Qxd6 8. e3 Ne7 9. Bd3 b6 10. Nf3 Ba6 11. Bxa6 1/2-1/2

[Event "Mare di Fano op 6th"]
[Site "Fano"]
[Date "2017.07.31"]
[Round "4"]
[White "Nemeth, Miklos"]
[Black "Brancaleoni, Maurizio"]
[Result "1-0"]
[WhiteElo "2472"]
[BlackElo "2275"]
[PlyCount "125"]
[EventDate "2017.07.29"]
[EventType "swiss"]
[EventRounds "9"]
[EventCountry "ITA"]
[SourceTitle "EXT 2018"]
[Source "ChessBase"]
[SourceDate "2017.10.13"]
[SourceVersion "1"]
[SourceVersionDate "2017.10.13"]
[SourceQuality "1"]

1. e4 e5 2. Nf3 Nc6 3. Bc4 Bc5 4. c3 Nf6 5. d3 a6 6. 0-0 d6 7. Bb3 Ba7 8. Be3 0-0 9. Nbd2 Be6 10. Re1 Bxe3 11. Rxe3 Bxb3 12. Qxb3 Rb8 13. d4 exd4 14. cxd4 d5 15. e5 Ng4 16. Rc3 Nh6 17. Nf1 Nf5 18. Rd1 h6 19. Rc5 Nfe7 20. Rdc1 Qd7 21. Ne3 b6 22. R5c2 Na5 23. Qd3 Nac6 24. a3 Ra8 25. Rc3 Rfd8 26. Qc2 Nxd4 27. Nxd4 c5 28. Nf3 d4 29. Rd3 Ng6 30. g3 Rac8 31. Ng2 Qg4 32. Qd1 Qe4 33. Ngh4 Nxh4 34. Nxh4 c4 35. Rd2 d3 36. Qe1 Qxe1+ 37. Rxe1 g6 38. e6 b5 39. Nf3 Re8 40. exf7+ Kxf7 41. Ne5+ Kf6 42. f4 g5 43. Rf2 gxf4 44. Rxf4+ Kg7 45. Rf7+ Kg8 46. Rd7 Rcd8 47. Rxd8 Rxd8 48. Kf2 Rd5 49. Nf3 b4 50. axb4 Rb5 51. Ke3 Rxb4 52. Rc1 a5 53. Nd2 Rxb2 54. Rxc4 Ra2 55. Kxd3 a4 56. Rc2 Ra3+ 57. Kc4 Re3 58. Rc3 Re2 59. Nf3 Kg7 60. Ra3 Kg6 61. Kd3 Rb2 62. Rxa4 Rb3+ 63. Ke4 1-0

[Event "Mare di Fano op 6th"]
[Site "Fano"]
[Date "2017.07.30"]
[Round "2"]
[White "Scarpa, Silvia"]
[Black "Brancaleoni, Maurizio"]
[Result "0-1"]
[WhiteElo "1933"]
[BlackElo "2275"]
[PlyCount "66"]
[EventDate "2017.07.29"]
[EventType "swiss"]
[EventRounds "9"]
[EventCountry "ITA"]
[SourceTitle "EXT 2018"]
[Source "ChessBase"]
[SourceDate "2017.10.13"]
[SourceVersion "1"]
[SourceVersionDate "2017.10.13"]
[SourceQuality "1"]

1. e4 c6 2. d4 d5 3. f3 e6 4. Nc3 Nf6 5. Be3 dxe4 6. fxe4 Bb4 7. Qf3 e5 8. dxe5 Ng4 9. Bf4 Qh4+ 10. Bg3 Qe7 11. 0-0-0 Nxe5 12. Bxe5 Qxe5 13. Qd3 0-0 14. Nf3 Qa5 15. a3 Be7 16. Be2 b5 17. h4 b4 18. axb4 Bxb4 19. Nb1 Nd7 20. Nd4 Ne5 21. Qg3 Be7 22. Qc3 Qc7 23. g4 Rb8 24. Nb5 Rxb5 25. Bxb5 Bxg4 26. Rde1 Nf3 27. Re3 Qf4 28. Nd2 Nxd2 29. Qxd2 cxb5 30. Qd4 Rc8 31. Qd2 Be6 32. Kb1 b4 33. Qe2 Qe5 0-1

[Event "Mare di Fano op 6th"]
[Site "Fano"]
[Date "2017.07.29"]
[Round "1"]
[White "Brancaleoni, Maurizio"]
[Black "Di Chiara, Mauro"]
[Result "1-0"]
[WhiteElo "2275"]
[BlackElo "1964"]
[PlyCount "63"]
[EventDate "2017.07.29"]
[EventType "swiss"]
[EventRounds "9"]
[EventCountry "ITA"]
[SourceTitle "EXT 2018"]
[Source "ChessBase"]
[SourceDate "2017.10.13"]
[SourceVersion "1"]
[SourceVersionDate "2017.10.13"]
[SourceQuality "1"]

1. Nf3 Nf6 2. c4 g6 3. b3 Bg7 4. Bb2 0-0 5. g3 d6 6. Bg2 e5 7. d3 Nc6 8. 0-0 Nd7 9. Nc3 f5 10. Nd2 Nf6 11. Nd5 Ne7 12. Nxf6+ Bxf6 13. b4 c6 14. a4 Be6 15. b5 d5 16. e4 dxe4 17. dxe4 Qd3 18. Ra3 Qd6 19. exf5 gxf5 20. Ne4 Qxd1 21. Nxf6+ Rxf6 22. Rxd1 Bxc4 23. Rd7 Re6 24. Rxb7 Rd8 25. Ra1 Red6 26. h4 Rd1+ 27. Kh2 R1d2 28. Rxe7 Rxb2 29. bxc6 Rxf2 30. c7 Rc8 31. Rd1 Kf8 32. Rxh7 1-0

[Event "Cesenatico op-A 20th"]
[Site "Cesenatico"]
[Date "2016.09.04"]
[Round "2"]
[White "Bonassi, Tommaso"]
[Black "Brancaleoni, Maurizio"]
[Result "0-1"]
[WhiteElo "2018"]
[BlackElo "2248"]
[PlyCount "82"]
[EventDate "2016.09.03"]
[EventType "swiss"]
[EventRounds "9"]
[EventCountry "ITA"]
[SourceTitle "EXT 2024"]
[Source "ChessBase"]
[SourceDate "2023.10.10"]
[SourceVersion "1"]
[SourceVersionDate "2023.10.10"]
[SourceQuality "1"]

1. e4 d6 2. d4 Nf6 3. Nc3 e5 4. dxe5 dxe5 5. Qxd8+ Kxd8 6. Bg5 Be6 7. 0-0-0+ Kc8 8. Nf3 Nbd7 9. a3 Ng4 10. Bh4 f6 11. h3 Nh6 12. Nd2 Nb6 13. Be2 c6 14. g4 Nf7 15. Bg3 Be7 16. f4 exf4 17. Bxf4 Bd6 18. Bxd6 Nxd6 19. Nf3 Nf7 20. Nd4 Bd7 21. Nf5 Bxf5 22. exf5 Re8 23. Bf3 Kc7 24. Bg2 Nc4 25. Rd4 Ncd6 26. Rhd1 Rad8 27. Na4 b6 28. c4 Nb7 29. Nc3 Rxd4 30. Rxd4 Re1+ 31. Kd2 Rg1 32. Nb5+ cxb5 33. Bxb7 Ne5 34. Bd5 bxc4 35. Kc2 b5 36. Rd2 Nd3 37. Kc3 Rg3 38. Kd4 Nc1 39. Rd1 Nb3+ 40. Ke4 Nc5+ 41. Kf4 Rd3 0-1

[Event "Cesenatico op-A 20th"]
[Site "Cesenatico"]
[Date "2016.09.03"]
[Round "1"]
[White "Brancaleoni, Maurizio"]
[Black "Emami, Madjid"]
[Result "1-0"]
[WhiteElo "2248"]
[BlackElo "1985"]
[PlyCount "85"]
[EventDate "2016.09.03"]
[EventType "swiss"]
[EventRounds "9"]
[EventCountry "ITA"]
[SourceTitle "EXT 2024"]
[Source "ChessBase"]
[SourceDate "2023.10.10"]
[SourceVersion "1"]
[SourceVersionDate "2023.10.10"]
[SourceQuality "1"]

1. Nf3 g6 2. e4 Bg7 3. d4 d6 4. Bd3 Nf6 5. 0-0 0-0 6. Re1 Na6 7. c3 c5 8. a3 Nc7 9. b4 Nd7 10. bxc5 dxc5 11. Be3 cxd4 12. cxd4 Nc5 13. Bc2 Bg4 14. Nbd2 N5e6 15. h3 Bxf3 16. Nxf3 Nb5 17. e5 Rc8 18. Qd2 Qd5 19. a4 Nc3 20. Ra3 Qc4 21. Bd3 Qb4 22. Raa1 Nd5 23. Be4 Qxd2 24. Bxd2 Rfd8 25. Rec1 Nec7 26. Rc2 Rd7 27. Bxd5 Rxd5 28. Rac1 Rd7 29. e6 fxe6 30. Bf4 Bxd4 31. Bxc7 Bf6 32. g4 Rd5 33. Bf4 Rxc2 34. Rxc2 e5 35. Be3 b6 36. g5 Bg7 37. Nd2 Kf7 38. Kg2 Rd7 39. Kf3 Rb7 40. Ke4 Rd7 41. Nf3 Ke6 42. Rc6+ Rd6 43. Rc7 1-0

[Event "Mare di Fano op 5th"]
[Site "Fano"]
[Date "2016.08.01"]
[Round "4"]
[White "Brancaleoni, Maurizio"]
[Black "Aulia, Medina Warda"]
[Result "1/2-1/2"]
[WhiteElo "2229"]
[BlackElo "2382"]
[PlyCount "23"]
[EventDate "2016.07.30"]
[EventType "swiss"]
[EventRounds "9"]
[EventCountry "ITA"]
[SourceTitle "CBM 173 Extra"]
[Source "ChessBase"]
[SourceDate "2016.08.29"]
[SourceVersion "1"]
[SourceVersionDate "2016.08.29"]
[SourceQuality "1"]

1. Nf3 Nf6 2. c4 e6 3. g3 d5 4. d4 dxc4 5. Bg2 c5 6. 0-0 Nc6 7. dxc5 Qxd1 8. Rxd1 Bxc5 9. Nbd2 c3 10. bxc3 0-0 11. Nb3 Be7 12. Nbd4 1/2-1/2

[Event "Mare di Fano op 5th"]
[Site "Fano"]
[Date "2016.07.31"]
[Round "2"]
[White "Brancaleoni, Maurizio"]
[Black "Cuhendi, Sean Winshand"]
[Result "1/2-1/2"]
[WhiteElo "2229"]
[BlackElo "2395"]
[PlyCount "71"]
[EventDate "2016.07.30"]
[EventType "swiss"]
[EventRounds "9"]
[EventCountry "ITA"]
[SourceTitle "CBM 173 Extra"]
[Source "ChessBase"]
[SourceDate "2016.08.29"]
[SourceVersion "1"]
[SourceVersionDate "2016.08.29"]
[SourceQuality "1"]

1. d4 Nf6 2. c4 g6 3. Nc3 Bg7 4. e4 d6 5. Be2 0-0 6. Nf3 e5 7. Be3 Qe8 8. dxe5 Ng4 9. exd6 Nxe3 10. fxe3 Bxc3+ 11. bxc3 cxd6 12. Qxd6 Qxe4 13. Kf2 Re8 14. Qf4 Qe7 15. Rhe1 Nd7 16. Bf1 Nc5 17. e4 Nxe4+ 18. Kg1 Qc5+ 19. Nd4 Bf5 20. g4 Nxc3 21. gxf5 Red8 22. fxg6 Qxd4+ 23. Qxd4 Rxd4 24. Re3 Nd1 25. gxf7+ Kxf7 26. Rf3+ Kg7 27. Rb1 b6 28. c5 bxc5 29. Rb7+ Kh8 30. Be2 Rad8 31. Rff7 Rg8+ 32. Kf1 Ne3+ 33. Kf2 Ng4+ 34. Bxg4 Rgxg4 35. Rxh7+ Kg8 36. Rhc7 1/2-1/2

[Event "ITA-ch sf 76th"]
[Site "Civitanova Marche"]
[Date "2016.07.16"]
[Round "8"]
[White "Lanzani, Mario"]
[Black "Brancaleoni, Maurizio"]
[Result "0-1"]
[WhiteElo "2303"]
[BlackElo "2229"]
[PlyCount "54"]
[EventDate "2016.07.09"]
[EventType "swiss"]
[EventRounds "9"]
[EventCountry "ITA"]
[SourceTitle "CBM 173 Extra"]
[Source "ChessBase"]
[SourceDate "2016.08.29"]
[SourceVersion "1"]
[SourceVersionDate "2016.08.29"]
[SourceQuality "1"]

1. e4 e5 2. f4 exf4 3. Bc4 d5 4. Bxd5 Nf6 5. Nc3 Nxd5 6. Nxd5 Bd6 7. d4 Qh4+ 8. Kf1 Be6 9. Qf3 Bxd5 10. exd5 Nd7 11. Ne2 g5 12. c4 0-0-0 13. c5 Be7 14. d6 cxd6 15. c6 Nf6 16. cxb7+ Kb8 17. d5 Qg4 18. Qd3 Qd7 19. g3 Qxb7 20. Nc3 fxg3 21. hxg3 Ng4 22. a4 Ka8 23. Ra3 Rc8 24. Kg2 h5 25. Nb5 a6 26. Bd2 Ne5 27. Qb3 Nc4 0-1

[Event "ITA-ch sf 76th"]
[Site "Civitanova Marche"]
[Date "2016.07.11"]
[Round "3"]
[White "Brancaleoni, Maurizio"]
[Black "Bellia, Fabrizio"]
[Result "0-1"]
[WhiteElo "2229"]
[BlackElo "2446"]
[PlyCount "110"]
[EventDate "2016.07.09"]
[EventType "swiss"]
[EventRounds "9"]
[EventCountry "ITA"]
[SourceTitle "CBM 173 Extra"]
[Source "ChessBase"]
[SourceDate "2016.08.29"]
[SourceVersion "1"]
[SourceVersionDate "2016.08.29"]
[SourceQuality "1"]

1. Nf3 Nf6 2. c4 e6 3. g3 d5 4. Bg2 dxc4 5. Qa4+ Nbd7 6. Qxc4 c5 7. 0-0 b6 8. Nd4 Ne5 9. Nc6 Nxc4 10. Nxd8 Nd5 11. Nc3 Kxd8 12. Nxd5 Bb7 13. Nc3 Bxg2 14. Kxg2 Be7 15. Rd1 Bf6 16. Rb1 Ke7 17. Ne4 Rhd8 18. d3 Na5 19. Nxf6 Kxf6 20. h4 Ke7 21. b4 cxb4 22. Rxb4 Rac8 23. Ba3 Ke8 24. Rdb1 Rc3 25. Bb2 Rc2 26. Kf3 f6 27. a4 e5 28. Rc1 Rdc8 29. Rxc2 Rxc2 30. Ke3 Kf7 31. f4 e4 32. f5 h5 33. Bd4 exd3 34. Kxd3 Ra2 35. Bc3 Nb7 36. Bd4 Ra3+ 37. Ke4 Rxg3 38. Kd5 Na5 39. Rb1 Rg4 40. e3 Ke7 41. e4 Kd7 42. e5 fxe5 43. Bxe5 Nc6 44. Bc3 Ne7+ 45. Ke5 Rxh4 46. Rg1 Rc4 47. Rxg7 Rxc3 48. f6 Re3+ 49. Kf4 Re6 50. Kg5 Re5+ 51. Kh4 Kd6 52. fxe7 Rxe7 53. Rg6+ Re6 54. Rg7 Re4+ 55. Kxh5 Rxa4 0-1

[Event "Gabicce Mare op 1st"]
[Site "Gabicce Mare"]
[Date "2013.12.05"]
[Round "7"]
[White "Brancaleoni, Maurizio"]
[Black "Dionigi, Riccardo"]
[Result "1-0"]
[WhiteElo "2235"]
[BlackElo "1910"]
[PlyCount "63"]
[EventDate "2013.01.02"]
[EventType "swiss"]
[EventRounds "9"]
[EventCountry "ITA"]
[SourceTitle "EXT 2015"]
[Source "ChessBase"]
[SourceDate "2014.11.20"]
[SourceVersion "1"]
[SourceVersionDate "2014.11.20"]
[SourceQuality "1"]

1. Nf3 Nf6 2. c4 e6 3. g3 d5 4. Bg2 Be7 5. 0-0 0-0 6. b3 b6 7. Bb2 Bb7 8. e3 c5 9. Nc3 Nbd7 10. Qe2 a6 11. Rac1 Rc8 12. Rfd1 Qc7 13. cxd5 Nxd5 14. Nxd5 Bxd5 15. e4 Bc6 16. d4 Qb7 17. d5 Bb5 18. Qd2 Nf6 19. a4 Bd7 20. d6 Bd8 21. Ne5 b5 22. Nxd7 Nxd7 23. e5 Qb6 24. Bf1 Rb8 25. a5 Qa7 26. b4 c4 27. Bd4 Qb7 28. Bg2 Qc8 29. Qe3 f6 30. exf6 Rxf6 31. Bxf6 Nxf6 32. d7 1-0

[Event "Cesenatico op 17th"]
[Site "Cesenatico"]
[Date "2013.09.04"]
[Round "5"]
[White "Schacher, Gerd"]
[Black "Brancaleoni, Maurizio"]
[Result "1-0"]
[WhiteElo "2347"]
[BlackElo "2248"]
[PlyCount "81"]
[EventDate "2013.08.31"]
[EventType "swiss"]
[EventRounds "9"]
[EventCountry "ITA"]
[SourceTitle "CBM 156 Extra"]
[Source "ChessBase"]
[SourceDate "2013.10.22"]
[SourceVersion "1"]
[SourceVersionDate "2013.10.22"]
[SourceQuality "1"]

1. Nf3 d5 2. g3 Nf6 3. Bg2 c5 4. c4 d4 5. b4 cxb4 6. a3 bxa3 7. Bxa3 Nc6 8. d3 e5 9. Bxf8 Kxf8 10. 0-0 g6 11. Nbd2 Kg7 12. Qa4 Bd7 13. Rfb1 Qc7 14. Ng5 a5 15. Qb5 h6 16. Nge4 Nxe4 17. Nxe4 Nb4 18. Qc5 Bc6 19. Nd6 f6 20. Nxb7 Qxb7 21. Rxa5 Rxa5 22. Qxa5 Rb8 23. Bxc6 Qxc6 24. Rxb4 Ra8 25. Rb6 Rxa5 26. Rxc6 f5 27. f3 Kf7 28. h4 h5 29. Kf2 Ra1 30. Rd6 Rc1 31. f4 exf4 32. gxf4 Rh1 33. c5 Rc1 34. c6 Kg7 35. e3 Rc2+ 36. Kf3 dxe3 37. Kxe3 Kf7 38. Kd4 Rh2 39. Kd5 Rc2 40. d4 Rc1 41. Rd7+ 1-0

[Event "Mare di Fano op 2nd"]
[Site "Fano"]
[Date "2013.08.04"]
[Round "9"]
[White "Brancaleoni, Maurizio"]
[Black "Rebeggiani, Andrea"]
[Result "1/2-1/2"]
[WhiteElo "2248"]
[BlackElo "1910"]
[PlyCount "28"]
[EventDate "2013.07.29"]
[EventType "swiss"]
[EventRounds "9"]
[EventCountry "ITA"]
[SourceTitle "EXT 2015"]
[Source "ChessBase"]
[SourceDate "2014.11.20"]
[SourceVersion "1"]
[SourceVersionDate "2014.11.20"]
[SourceQuality "1"]

1. Nf3 d5 2. d4 Nf6 3. c4 e6 4. g3 Be7 5. Bg2 0-0 6. 0-0 dxc4 7. Ne5 c5 8. dxc5 Qc7 9. Nxc4 Qxc5 10. b3 Rd8 11. Nbd2 Na6 12. Bb2 Rb8 13. e3 b6 14. Rc1 Bb7 1/2-1/2